| 000 | 00767cam a2200217 4500 | ||
|---|---|---|---|
| 001 | WB3605-22 | ||
| 008 | 000000n2000 000 0 eng u | ||
| 035 | _a(Sirsi) u103942 | ||
| 245 | _aNew homes 'to be built to Victorian densities' | ||
| 260 | _c2000 | ||
| 490 |
_aFinancial Times _v 28 January 2000, 2(1) |
||
| 520 | _aIf the UK countryside is to be preserved, houses must be built to the same density as they were in Georgian and Victorian times. This could lead to 4 times as many flats and houses being built in urban areas than at present. | ||
| 590 | _aWB | ||
| 650 | _aURBAN PLANNING | ||
| 650 | _aURBAN POLICY | ||
| 650 | _aNEW HOMES | ||
| 650 | _aVICTORIAN HOUSES | ||
| 650 | _aGEORGIAN HOUSES | ||
| 690 | _aHOUSING-DEVELOPMENT | ||
| 942 | _n0 | ||
| 999 |
_c62383 _d62383 |
||